| 000 | 00879nam a2200217Ia 4500 | ||
|---|---|---|---|
| 005 | 20251020182614.0 | ||
| 008 | 200515s9999 xx 000 0 und d | ||
| 082 | _aSC/691.328/P45 | ||
| 110 | _aIninvi | ||
| 245 | 0 | _aConcreto Armado (comentarios) | |
| 260 | _aLima | ||
| 260 | _c1989 | ||
| 300 | _a135 | ||
| 500 | _a por esta razón dicho Comité ha creído oportuno presentar estos comentarios que aclaran dichos criterios y que en otros casos los complementan, facilitando su aplicación | ||
| 520 | _aLa norma Técnica de Edificación E-60 Concreto Armado ha sido redactada en forma directa y concisa debido a su carácter reglamentario, por lo que se expresan los criterios y consideraciones en que se ha basado el Comité Especializado encargado de su elabor | ||
| 650 | _aCONCRETO | ||
| 650 | _aE-60 | ||
| 650 | _aNORMAS | ||
| 650 | _aPUB ININVI | ||
| 942 | _cLIB | ||
| 999 |
_c3449 _d3449 |
||